Hardy v Sutherland (t/a David Sutherland Architects) and another (Record no. 71626)

MARC details
000 -LEADER
fixed length control field 00672cam a2200193 4500
001 - CONTROL NUMBER
control field X120558
008 - FIXED-LENGTH DATA ELEMENTS--GENERAL INFORMATION
fixed length control field 021125n2002 000 0 eng u
035 ## - SYSTEM CONTROL NUMBER
System control number (Sirsi) u120559
245 ## - TITLE STATEMENT
Title Hardy v Sutherland (t/a David Sutherland Architects) and another
260 ## - PUBLICATION, DISTRIBUTION, ETC.
Date of publication, distribution, etc. 2002
490 ## - SERIES STATEMENT
Series statement Construction Law Reports
Volume/sequential designation [2002] 83 Con LR 157-163(7)
490 ## - SERIES STATEMENT
Series statement Court of Appeal (Civil Division)
Volume/sequential designation [2001] EWCA Civ 976
520 ## - SUMMARY, ETC.
Summary, etc. CA 13 June 2001. Order for costs. Effect of offers and payments into court on award of costs.
650 ## - SUBJECT ADDED ENTRY--TOPICAL TERM
Topical term or geographic name entry element HARDY V SUTHERLAND
650 ## - SUBJECT ADDED ENTRY--TOPICAL TERM
Topical term or geographic name entry element COSTS
650 ## - SUBJECT ADDED ENTRY--TOPICAL TERM
Topical term or geographic name entry element PART 36 OFFERS
690 ## - LOCAL SUBJECT ADDED ENTRY--TOPICAL TERM (OCLC, RLIN)
Topical term or geographic name as entry element BUILDING AND CONSTRUCTION-CASE LAW
942 ## - ADDED ENTRY ELEMENTS (KOHA)
Suppress in OPAC 0
Holdings
Withdrawn status Lost status Source of classification or shelving scheme Damaged status Not for loan Home library Current library Shelving location Date acquired Total Checkouts Full call number Barcode Date last seen Copy number Price effective from Koha item type
    Dewey Decimal Classification     London London Journal article 25/11/2002   X120559 120559-1001 06/08/2019 1 06/08/2019 Law report